Már eltűnt 2,8, még maradt: 4,6 millió : a lemaradás megszüntetésén dolgozik a téglaipari vállalat /
Elmentve itt :
| Szerző: | |
|---|---|
| Dokumentumtípus: | Cikk |
| Megjelent: |
1964-09-18
|
| Sorozat: | Délmagyarország
54 No. 219 |
| Kulcsszavak: | Téglagyár, Téglagyártás Csongrád-Bács megye 1964 |
| Online Access: | http://dmarchiv.bibl.u-szeged.hu/66391 |
| LEADER | 00574nab a2200157 i 4500 | ||
|---|---|---|---|
| 001 | delm66391 | ||
| 005 | 20180927153741.0 | ||
| 008 | 180927s1964 hu o 0|| hun d | ||
| 040 | |a SZTE Délmagyarország Archívum |b hun | ||
| 041 | |a hun | ||
| 100 | 1 | |a Fehér Kálmán | |
| 245 | 1 | 0 | |a Már eltűnt |h [elektronikus dokumentum] : |b 2,8, még maradt: 4,6 millió : a lemaradás megszüntetésén dolgozik a téglaipari vállalat / |c Fehér Kálmán |
| 260 | |c 1964-09-18 | ||
| 300 | |a 3 | ||
| 490 | 0 | |a Délmagyarország |v 54 No. 219 | |
| 695 | |a Téglagyár, Téglagyártás Csongrád-Bács megye 1964 | ||